00470nam a2200145Ia 450000500170000000800460001703700180006304000200008104100130010108400280011410000120014224501170015426000090027154600440028020250508164836.0008 250505s9999 xx 000 0 eng d aDissertations aFEDLbengcFEDL aeng2eng a372.652 1, GEE/DIqFEDL aGeetika 0aStudy on developing strategies to teach prepositions in english to primary gradelearners in MCD schools in Delhi c2009 aM.Ed. Dissertation, (Delhi University)